01242 a2200169 45000010006000000050017000060080041000230030015000640400040000790800052001192450051001712500011002222640032002333000022002655050758002871000027010453805020260407155646.0260407a1980 arg spa dAR-UNSa-BCEJYS aAR-UNSa-BCEJYSbspacAR-UNSa-BCEJYS a911.3:33(82)xGeografía económica argentina10aLa Argentina, geografía humana y económica a6a. ed 1aBuenos Aires :bERGONc1980 ax, 459 p.c24 cm. a1. El territorio continental - 2. Argentina insular - 3. Sector antártico - 4. Factores naturales indirectores autorrenovables - 5. Recursos naturales - 6. Regiones naturales - 7. El dominio del territorio nacional - 8. El poblamiento argentino - 9. Estática demográfica - 10. Dinámica Demográfica 11. Aspectos cualitativos y política poblacional - 12. Actividad agrpecuaria - 13. La tecnificación rural - 14. Producción agricola - 15. Cultivos industriales - 16. Frutas hortalizas,legumbres y plantas forrajeras - 17. Producción ganadera - 18. Pesca y caza - 19. Explotación forestal - 20. Minería - 21. Energía - 22. Industria - 23. Transportes y comunicaciones - 24. El comercio - 25. La argentina frente al futuro del mundo.1 aCarlevari, Isidro J.F.